<?xml version='1.0' encoding='UTF-8'?>
  <record xmlns="http://www.loc.gov/MARC21/slim">
    <leader>00000cam a2200000 i 4500</leader>
    <controlfield tag="001">ocm68505838</controlfield>
    <controlfield tag="003">OCoLC</controlfield>
    <controlfield tag="005">20241230152657.1</controlfield>
    <controlfield tag="008">970804s1756    ne            000 0 dut d</controlfield>
    <datafield tag="040" ind1=" " ind2=" ">
      <subfield code="a">NLGGC</subfield>
      <subfield code="b">dut</subfield>
      <subfield code="e">fobidrtb</subfield>
      <subfield code="c">NLGGC</subfield>
    </datafield>
    <datafield tag="029" ind1="0" ind2=" ">
      <subfield code="a">NLGGC</subfield>
      <subfield code="b">160351529</subfield>
    </datafield>
    <datafield tag="035" ind1=" " ind2=" ">
      <subfield code="a">(OCoLC)68505838</subfield>
    </datafield>
    <datafield tag="245" ind1="0" ind2="0">
      <subfield code="a">Dichtharpoen voor den beruchten werktuig-kunstenaar Genneté, en zyne befaamde pesthuis-pomp :</subfield>
      <subfield code="b">toegewijdt aan ... Johan Lulofs, hoogleeraar in de wis- natuur- en sterrekunde (...) in 's lands Hoogeschool te Leyden.</subfield>
    </datafield>
    <datafield tag="260" ind1=" " ind2=" ">
      <subfield code="a">[S.l.],</subfield>
      <subfield code="c">[ca. 1756]</subfield>
    </datafield>
    <datafield tag="300" ind1=" " ind2=" ">
      <subfield code="a">[2], 40 p. ;</subfield>
      <subfield code="c">8-o.</subfield>
    </datafield>
    <datafield tag="336" ind1=" " ind2=" ">
      <subfield code="a">tekst</subfield>
      <subfield code="b">txt</subfield>
      <subfield code="2">rdacontent/dut</subfield>
    </datafield>
    <datafield tag="337" ind1=" " ind2=" ">
      <subfield code="a">zonder medium</subfield>
      <subfield code="b">n</subfield>
      <subfield code="2">rdamedia/dut</subfield>
    </datafield>
    <datafield tag="338" ind1=" " ind2=" ">
      <subfield code="a">band</subfield>
      <subfield code="b">nc</subfield>
      <subfield code="2">rdacarrier/dut</subfield>
    </datafield>
    <datafield tag="510" ind1="0" ind2=" ">
      <subfield code="a">Catalogus Kloosterboer 1660</subfield>
    </datafield>
    <datafield tag="600" ind1="1" ind2="4">
      <subfield code="a">Lulofs, Johan,</subfield>
      <subfield code="d">1711-1768.</subfield>
    </datafield>
    <datafield tag="600" ind1="1" ind2="4">
      <subfield code="a">Genneté, Léopold de,</subfield>
      <subfield code="d">1706-1782.</subfield>
    </datafield>
    <datafield tag="776" ind1="0" ind2=" ">
      <subfield code="t">Dichtharpoen voor den beruchten werktuig-kunstenaar Genneté, en zyne befaamde pesthuis-pomp</subfield>
      <subfield code="w">(NL-LeOCL)42610563X</subfield>
    </datafield>
    <datafield tag="776" ind1="0" ind2=" ">
      <subfield code="t">Dichtharpoen voor den beruchten werktuig-kunstenaar Genneté, en zyne befaamde pesthuis-pomp</subfield>
      <subfield code="w">(NL-LeOCL)426105648</subfield>
    </datafield>
    <datafield tag="936" ind1=" " ind2=" ">
      <subfield code="a">BATCHLOAD</subfield>
    </datafield>
  </record>